000 01200nam0a22003131 4500
001 v19\rc\1513211
005 20250618165647.0
035 _a(NLR Aleph) 004637540
090 _a3250125
_c3250125
100 _a20060620d1884 |||y0rusy50 ca
101 1 _arus
_cfre
102 _aRU
105 _ay z |||||
200 1 _aКлиническое руководство к исследованию бактерий
_f[Dr. Ch. Firket]
_gПер. С. Вермель, под ред. [и с предисл.] Н.Ф. Голубова, орд. Пропедевтич. клиники Моск. ун-та
210 _aМосква
_cтип. А.А. Левенсон
_d1884
215 _a[4], 76 с.
_d21
320 _aБиблиогр. в примеч.
700 1 _aФирке
_bШ.
_gШарль
702 1 _aВермель
_bС.С.
_f1860-
_gСоломон Самуилович
_4730
702 1 _aГолубов
_bН.Ф.
_f1856-
_gНиколай Федорович
_4340
_4080
801 0 _aRU
_bNLR
_gpsbo
801 0 _aRU
_bRuMoRGB
_2psbo
801 1 _aRU
_bProSoft-M
_2rusmarc
852 _aNLR
_j18.199.4.424
899 _aRuMoRGB
_jМК
899 _aБАН
899 _aНБ МГУ
942 _cBOOK
980 _aNB